|
|
|
|
| LEADER |
01662nam a2200337 a 4500 |
| 001 |
25312 |
| 003 |
BD-DhAAL |
| 008 |
120425s2011 bg 000 1 ben |
| 020 |
|
|
|a 9841106456
|
| 020 |
|
|
|a 9789849240228
|
| 040 |
|
|
|a DB-DhAAL
|c DB-DhAAL
|
| 041 |
0 |
|
|a ben
|
| 082 |
0 |
0 |
|a 891.44371
|2 23
|
| 100 |
1 |
|
|a আহমদ, আবুল মনসুর
|
| 245 |
1 |
0 |
|a আয়না /
|c আবুল মনসুর আহমদ ; সম্পাদক নুরুল আমিন ; ভূমিকা আনিসুজ্জামান.
|
| 246 |
|
|
|a Aayna
|
| 260 |
|
|
|a ঢাকা :
|b আহমদ পাবলিশিং হাউস,
|c ২০১১.
|
| 300 |
|
|
|a ১৪৩ পৃষ্ঠা,
|a ১১৯ পৃষ্ঠা ;
|c ২২ সে.মি.
|
| 500 |
|
|
|a Novel.
|
| 526 |
|
|
|a GenEd
|
| 541 |
|
|
|e 25312, 40836, 40837
|a Development Book Agency
|
| 650 |
|
|
|a Bengali fiction.
|
| 650 |
|
|
|a Bengali literature.
|
| 700 |
1 |
|
|a আমিন, নুরুল
|9 53569
|
| 700 |
1 |
|
|a আনিসুজ্জামান
|
| 852 |
1 |
|
|a Ayesha Abed Library
|c General Stacks
|
| 942 |
|
|
|2 ddc
|c BK
|
| 999 |
|
|
|c 12357
|d 12357
|
| 952 |
|
|
|0 0
|1 0
|2 ddc
|4 0
|6 891_443710000000000_AHM
|7 0
|9 20435
|a BDI
|b BDI
|d 2012-06-05
|l 0
|o 891.44371 AHM
|p 3050025312
|r 2012-06-05
|t 1
|w 2012-06-05
|y BK
|
| 952 |
|
|
|0 0
|1 0
|2 ddc
|4 0
|6 891_443710000000000_AHM
|7 0
|9 73001
|a SCL
|b SCL
|c GEN
|d 2023-01-15
|e Development Book Agency
|g 260.00
|l 0
|o 891.44371 AHM
|p 3020040837
|r 2023-01-15
|t 3
|v 260.00
|w 2023-01-15
|y BK
|
| 952 |
|
|
|0 0
|1 0
|2 ddc
|4 0
|6 891_443710000000000_AHM
|7 0
|9 73002
|a SCL
|b SCL
|c GEN
|d 2023-01-15
|e Development Book Agency
|g 260.00
|l 1
|o 891.44371 AHM
|p 3020040836
|r 2023-03-12
|s 2023-03-07
|t 2
|v 260.00
|w 2023-01-15
|y BK
|